000 00379nam a22001697a 4500
003 MPLRDC
005 20220104144056.0
008 210129b ||||| |||| 00| 0 eng d
082 _a427.16 SSM
100 _a谢宋美
245 _a烘焙糕饼
_c
250 _a初版
260 _a
_b壹食堂
_c2000
300 _b
650 _a糕饼制法
942 _cBK
_o427.16 SSM
999 _c46129
_d46119